00498nam a2200169Ia 450000500170000000800410001702000150005808200130007310000190008624500290010526000470013430000130018165000180019494200060021295200950021899900150031320241009014952.0240331s9999 xx 000 0 und d a9555720037 bSENa820 aSeneviratne, M 0a Nights of the Dark Moon aColombobSwastika ( Private) Limitedc1995 a210 p ., aShort Stories cL 001040708LaWERCLbWERCLcSSCd2024-03-31l0o 820 SENp5073r2024-03-31w2024-03-31yL c4349d4349